[Event "19th Open"]
[Site "Bad Woerishofen GER"]
[Date "2003.03.21"]
[Round "9"]
[White "Kengis,E"]
[Black "Savchenko,S"]
[Result "0-1"]
[WhiteElo "2570"]
[BlackElo "2539"]

1.Nf3 d5 2.d4 Nf6 3.c4 c6 4.e3 e6 5.Nc3 Nbd7 6.Qc2 Bd6 7.Bd3 O-O 8.O-O dxc4
9.Bxc4 b5 10.Be2 Bb7 11.e4 e5 12.Rd1 Qc7 13.h3 Rfe8 14.a3 a6 15.Be3 exd4
16.Bxd4 Rad8 17.Be3 h6 18.Rac1 Bf4 19.Bxf4 Qxf4 20.Qd2 Qxd2 21.Nxd2 c5 22.f3 Ne5
23.Nf1 c4 24.Ne3 g6 25.Kf2 Kg7 26.Ke1 Nfd7 27.Ned5 Nc5 28.Kf1 Ned3 29.Bxd3 Nxd3
30.Rb1 Bxd5 31.Nxd5 Nc5 32.Nc7 Rxd1+ 33.Rxd1 Rc8 34.Nd5 Rd8 35.Nc3 Rxd1+
36.Nxd1 Nd3 37.g3 Kf6 38.Ke2 Ke6 39.f4 Kd6 40.Ke3 Kc5 41.e5 a5 42.Kd2 b4
43.axb4+ axb4 44.b3 Kd4 45.bxc4 h5 46.h4 Nc5  0-1

[Event "IV Dos Hermanas Internet Final"]
[Site "ICC INT"]
[Date "2003.03.21"]
[Round "1.2"]
[White "Bauer,Ch"]
[Black "Vasquez,R"]
[Result "1-0"]
[WhiteElo "2579"]
[BlackElo "2481"]

1.d4 d5 2.c4 c6 3.Nf3 Nf6 4.Nc3 e6 5.e3 Nbd7 6.Bd3 dxc4 7.Bxc4 b5 8.Bd3 b4
9.Ne4 Be7 10.O-O Bb7 11.a3 a5 12.Nxf6+ Nxf6 13.Qc2 O-O 14.e4 h6 15.Be3 Nd7
16.Rfd1 Qb8 17.axb4 axb4 18.Rxa8 Bxa8 19.Nd2 Rc8 20.Nb3 Bd6 21.e5 Be7 22.f4 Qb7
23.Bh7+ Kh8 24.Be4 Qb5 25.Ra1 Bb7 26.Bd3 Qb6 27.Nc5 Nxc5 28.dxc5 Qd8 29.Ra7 Rc7
30.Qc4 Rd7 31.Be2 Qb8 32.Ra4 Qd8 33.Qxb4 Rd1+ 34.Bxd1 Qxd1+ 35.Kf2 Qc2+ 36.Ke1 Qxg2
37.Qxb7 Bh4+ 38.Kd1 Qf1+ 39.Kc2 Qe2+ 40.Bd2 Be1 41.Qd7 g6 42.Ra7 Qe4+ 43.Qd3 Qg2
44.Qd8+  1-0

[Event "ch-VIE w"]
[Site "Dong Thap VIE"]
[Date "2003.03.23"]
[Round "4"]
[White "Le Thanh Tu"]
[Black "Ngo Kim Cuong"]
[Result "1-0"]
[WhiteElo "2307"]
[BlackElo "2108"]

1.d4 d5 2.c4 c6 3.Nc3 Nf6 4.e3 e6 5.Nf3 Be7 6.Bd3 dxc4 7.Bxc4 b5 8.Bd3 Bb7
9.e4 a6 10.O-O Nbd7 11.Re1 c5 12.d5 e5 13.b3 Bd6 14.a4 b4 15.Nb1 O-O 16.Nbd2 Ne8
17.Nc4 a5 18.Bb2 Qe7 19.Nfd2 Bc7 20.Nf1 Ba6 21.Nfe3 Qg5 22.Nf5 Bxc4 23.bxc4 Nd6
24.f4 exf4 25.h4 Qd8 26.Nxg7 Qxh4 27.e5 Nxc4 28.Bxc4 Kxg7 29.Bb5 c4 30.Bd4 Nb6
31.e6+ f6 32.Bf2 Qg5 33.d6 Rfd8 34.d7 Nd5 35.e7  1-0

[Event "Spring Open"]
[Site "Belgrade YUG"]
[Date "2003.04.02"]
[Round "9"]
[White "Scekic,M"]
[Black "Zivkovic,Drago"]
[Result "1-0"]
[WhiteElo "2447"]
[BlackElo "2121"]

1.d4 d5 2.Nf3 c6 3.c4 Nf6 4.Nc3 e6 5.e3 Nbd7 6.Qc2 Be7 7.b3 O-O 8.Bd3 h6
9.O-O Re8 10.Bb2 Bf8 11.Rad1 b6 12.Ne5 Bb7 13.f4 Rc8 14.g4 c5 15.h3 cxd4
16.exd4 dxc4 17.bxc4 Bb4 18.a3 Bxc3 19.Bxc3 Qc7 20.g5 hxg5 21.fxg5 Nxe5 22.dxe5 Nd5
23.Bd4 Qe7 24.Qd2 Nc7 25.g6 Rf8 26.gxf7+ Rxf7 27.Bg6 Rxf1+ 28.Rxf1 Rf8 29.Rxf8+ Qxf8
30.Qg5 Ne8 31.Qd8 Bc6 32.Qh4 Qf3 33.Qg4 Qxg4+ 34.hxg4 Kf8 35.Bc3 Nc7 36.Bb4+ Kg8
37.Kf2 Na6 38.Bd6 Nc5 39.Ke3 Nb7 40.Kd4 Bf3 41.g5 Bc6 42.Bb8 a6 43.Bc7 b5
44.cxb5 axb5 45.Bd6 Bd7 46.Be7 Bc6 47.Bb4 Bg2 48.Be8 Bf1 49.g6 Be2 50.Bc6 Nd8
51.Be4 Nf7 52.gxf7+ Kxf7 53.Bd2 Ke7 54.Kc5  1-0

[Event "National I"]
[Site "Bordeaux FRA"]
[Date "2003.04.04"]
[Round "4"]
[White "Gerard,N"]
[Black "Fressinet,L"]
[Result "0-1"]
[WhiteElo "2243"]
[BlackElo "2595"]

1.d4 d5 2.c4 c6 3.Nc3 Nf6 4.e3 e6 5.Nf3 Nbd7 6.Bd3 dxc4 7.Bxc4 b5 8.Bd3 Bd6
9.e4 e5 10.O-O O-O 11.Bg5 b4 12.Na4 h6 13.Be3 Ng4 14.Rc1 Bb7 15.Nc5 Bxc5
16.dxc5 Nxe3 17.fxe3 Qe7 18.Qe1 a5 19.Nh4 g6 20.Qg3 Qg5 21.Qxg5 hxg5 22.Nf3 g4
23.Nh4 Kg7 24.Rfd1 Nf6 25.Kf2 Rad8 26.a3 Rd7 27.axb4 Rfd8 28.Ke2 Rxd3  0-1

[Event "29th ch-BAN"]
[Site "Dhaka BAN"]
[Date "2003.04.05"]
[Round "10"]
[White "Islam,Kh"]
[Black "Rahman,SM"]
[Result "0-1"]
[WhiteElo "2271"]
[BlackElo "2182"]

1.d4 d5 2.c4 c6 3.Nc3 e6 4.e3 Nf6 5.Nf3 Nbd7 6.Bd3 dxc4 7.Bxc4 b5 8.Bd3 a6
9.e4 c5 10.e5 cxd4 11.Nxb5 Nxe5 12.Nxe5 axb5 13.O-O Qb6 14.Qe2 Rb8 15.Bg5 Nd7
16.Rac1 Nxe5 17.Qxe5 f6 18.Bxf6 gxf6 19.Qxf6 Rg8 20.Bxh7 Rxg2+ 21.Kxg2 Qb7+
22.f3 Qxh7 23.Kh1 Qd7 24.Qe5 Qd6 25.Qh5+ Kd8 26.Rfd1 Qf4 27.Kg2 Rb7 28.Rc2 Rg7+
29.Kf1 Bb7 30.Rf2 Bd5 31.b3 Kd7 32.Qh8 b4 33.Qh5 Bc5 34.Rd3 Qc1+ 35.Ke2 Qc2+  0-1

[Event "XII It I"]
[Site "Dos Hermanas ESP"]
[Date "2003.04.05"]
[Round "9"]
[White "Vallejo Pons,F"]
[Black "Shirov,A"]
[Result "1/2-1/2"]
[WhiteElo "2629"]
[BlackElo "2723"]

1.Nf3 d5 2.d4 c6 3.c4 Nf6 4.Nc3 e6 5.e3 Nbd7 6.Bd3 dxc4 7.Bxc4 b5 8.Bd3 Bb7
9.O-O a6 10.e4 c5 11.d5 Qc7 12.dxe6 fxe6 13.Qe2 c4 14.Bc2 Bd6 15.Ng5 Nc5
16.f4 h6 17.Nh3 e5 18.a4 Nd3 19.Bxd3 cxd3 20.Qxd3 b4 21.Nd5 Nxd5 22.exd5 O-O
23.Be3 exf4 24.Rac1 Qd7 25.Bxf4 Rad8 26.a5 Rf5 27.Bxd6 Rxf1+ 28.Rxf1 Qxd6
29.Nf4 Bxd5 30.Nxd5 Qc5+ 31.Kh1 Qxd5 32.Qxa6 Ra8 33.Qb6 Qxa5 34.Qe6+ Kh8  1/2-1/2

[Event "National I"]
[Site "Besancon FRA"]
[Date "2003.04.06"]
[Round "6"]
[White "Milov,V"]
[Black "Godena,M"]
[Result "1/2-1/2"]
[WhiteElo "2574"]
[BlackElo "2527"]

1.d4 d5 2.c4 e6 3.Nc3 c6 4.e3 Nf6 5.Nf3 a6 6.a3 Nbd7 7.c5 Qc7 8.b4 e5 9.dxe5 Nxe5
10.Bb2 Nxf3+ 11.gxf3 a5 12.Na4 axb4 13.axb4 Be6 14.f4 Be7 15.Nb6 Rxa1 16.Qxa1 O-O
17.Rg1 Qd8 18.Bd3 Kh8 19.Be5 Rg8 20.Ke2 Ng4 21.Bd4 Nf6 22.Qa7 Ne4 23.Qa1 Bf6
24.Bxf6 Nxf6 25.Qd4 Ne8 26.Qe5 Nf6 27.Qd4 h6 28.Ra1 Qe7 29.f5 Bc8 30.Ra8 Qc7
31.Qh4 Bd7 32.Qg3 Qxg3 33.hxg3 Rxa8 34.Nxa8 Kg8 35.Nb6 Kf8 36.Kf3 Ke7 37.g4 Nh7
38.Kf4 f6 39.Kg3 Ng5 40.f4 Nh7 41.Kf3 Nf8 42.e4 dxe4+ 43.Kxe4 Kd8 44.Nc4 Kc7
45.Kf3 Bc8 46.Kg3 Bd7 47.Kh4 Nh7 48.Bc2 Be8 49.Nd6 Bd7 50.Kh5 Nf8 51.g5 hxg5
52.fxg5 fxg5 53.Kxg5 b6 54.Be4 bxc5 55.bxc5 Kd8 56.Nf7+ Kc7 57.Bf3 Bxf5  1/2-1/2

[Event "National I"]
[Site "Bordeaux FRA"]
[Date "2003.04.06"]
[Round "6"]
[White "Lautier,J"]
[Black "Bareev,E"]
[Result "1/2-1/2"]
[WhiteElo "2666"]
[BlackElo "2734"]

1.d4 d5 2.c4 c6 3.Nc3 Nf6 4.e3 e6 5.Nf3 Nbd7 6.Bd3 dxc4 7.Bxc4 b5 8.Bd3 b4
9.Ne4 Nxe4 10.Bxe4 Bb7 11.Qa4 Qb6 12.a3 a5 13.O-O Be7 14.Nd2 O-O 15.Qc2 h6
16.b3 c5 17.axb4 Bxe4 18.Qxe4 Qxb4 19.Rd1 Rfb8 20.Ba3 Qb5 21.Rab1 Bf8 22.dxc5 Nxc5
23.Bxc5 Qxc5 24.Nf3 Ra7 25.Nd4 Rc7 26.g3 Be7 27.Ra1 Bf6 28.Ra4 Qc3 29.Kg2 Rc5
30.Ra2 Qb4 31.Ra4 Qb6 32.Rda1 Rd5 33.R1a2 Bxd4 34.exd4 Rbd8 35.Qe3 Rf5 36.Qe4 Rb5
37.h4 h5 38.R2a3 g6 39.Qe3 Rdd5 40.Rc4 Kg7 41.Qc3 Kh7 42.Kg1 Rf5 43.Qe3 Qb7
44.Rc3 Rb4 45.Ra1 Rfb5 46.Qf3 Qd7 47.Rd1 Rf5 48.Qe3 Rd5 49.Rdc1 Rbxd4 50.Rc7 Qe8
51.R1c3 Rd1+ 52.Kg2 Rf5 53.R3c6 Qd8 54.Rc5 Qa8+ 55.R5c6 Qd8 56.Rc5 Qa8+ 57.R5c6 Rd6
58.Qc3 Rxc6 59.Qxc6 Qd8 60.Qb7 Kg7 61.Rd7 Qf6 62.Qb6 Qe5 63.Rd2 Qe4+ 64.Kh2 Kh7
65.Ra2 Qe1 66.Qa7 Qb4 67.Qe3 Rd5 68.Rc2 Qb5 69.Rc4 Re5 70.Qf3 Rf5 71.Rf4 Kg7
72.Rxf5 Qxf5 73.Qc3+ Qf6 74.Qe3 Kh7 75.Kg1 Qd8 76.Qf3 Kg8 77.Qc3 Qd1+ 78.Kg2 Qd5+
79.Kg1 Qb5 80.Qc8+ Kh7 81.Qc7 Kg7 82.Qc3+ Kf8 83.Qc8+ Ke7 84.Qc7+ Kf6 85.Qc3+ Qe5
86.Qf3+ Kg7 87.Qd3 Qc5 88.Qf3 Qc1+ 89.Kh2 Qd2 90.Kg1 Qd4 91.Qe2 e5 92.Qb5 Qc3
93.Qd5 Qc7 94.Kg2 Kf6 95.Kg1 Qb6 96.Kg2 Qc7 97.Qb5 Qc3 98.Qd5 Qb4 99.Qc6+ Kg7
100.Qd5 Qc3 101.Kg1 Qa1+ 102.Kg2 Qe1 103.Qc5 Qe4+ 104.Kg1 Qb1+ 105.Kg2 Qa1
106.Qd5 Qc3 107.Kg1 Kg8 108.Qd8+ Kh7 109.Qd5 Qc1+ 110.Kg2 Qc7 111.Qb5 Qa7
112.Qxe5  1/2-1/2

[Event "National I"]
[Site "Bordeaux FRA"]
[Date "2003.04.06"]
[Round "6"]
[White "Marcelin,C"]
[Black "Crut,A"]
[Result "1-0"]
[WhiteElo "2503"]
[BlackElo "2352"]

1.d4 d5 2.c4 c6 3.Nc3 Nf6 4.e3 e6 5.Nf3 Nbd7 6.Qc2 b6 7.cxd5 exd5 8.Bd2 Bb7
9.Bd3 Be7 10.g4 g6 11.Rg1 O-O 12.h4 c5 13.h5 c4 14.Be2 Ne4 15.hxg6 fxg6 16.Rg2 Nxc3
17.bxc3 b5 18.Rh2 Bd6 19.Rh6 Kg7 20.Rh3 Qe7 21.O-O-O Kg8 22.Rdh1 Rf7 23.Nh4 Nf8
24.f4 Ba3+ 25.Kd1 Qe4 26.Nf3 Qxc2+ 27.Kxc2 Be7 28.Be1 Bf6 29.Bh4 Bh8 30.Ne5 Bxe5
31.dxe5 d4 32.cxd4 Bxh1 33.Rxh1 Ne6 34.Bf3 Re8 35.Bc6 Rc8 36.Bd5 Re8 37.Bf6 Rd7
38.Bc6 Red8 39.Bxd8 Rxd8 40.Bxb5  1-0

[Event "National I"]
[Site "Bordeaux FRA"]
[Date "2003.04.07"]
[Round "7"]
[White "Istratescu,A"]
[Black "Renet,O"]
[Result "1-0"]
[WhiteElo "2593"]
[BlackElo "2497"]

1.c4 c6 2.d4 d5 3.Nf3 Nf6 4.e3 e6 5.Nc3 Nbd7 6.Qc2 Be7 7.b3 b6 8.Bb2 Bb7
9.Bd3 O-O 10.O-O Rc8 11.Rad1 Qc7 12.Rfe1 Rfd8 13.h3 h6 14.a3 c5 15.cxd5 Nxd5
16.Nxd5 Bxd5 17.e4 Bxb3 18.Qxb3 c4 19.Bxc4 Qxc4 20.Qe3 Qa4 21.d5 Rc2 22.d6 Rxb2
23.dxe7 Re8 24.Rd4 Qc6 25.Red1 Rxe7 26.Rd6 Qa4 27.R1d4 Qb5 28.a4 Qa5 29.Rxd7 Rxd7
30.Rxd7 Qxa4 31.Rc7 Rc2 32.Rb7 Rc8 33.Qf4 Rf8 34.Ne5 f6 35.Nd7 Qa1+ 36.Kh2 Re8
37.e5  1-0

[Event "Asian Teams"]
[Site "Jodhpur IND"]
[Date "2003.04.07"]
[Round "1"]
[White "Harikrishna,P"]
[Black "Imanaliev,T"]
[Result "1-0"]
[WhiteElo "2563"]
[BlackElo "2399"]

1.d4 d5 2.c4 c6 3.Nc3 Nf6 4.e3 e6 5.Nf3 Nbd7 6.Bd3 dxc4 7.Bxc4 b5 8.Bd3 a6
9.e4 c5 10.e5 cxd4 11.Nxb5 axb5 12.exf6 Qb6 13.fxg7 Bxg7 14.O-O Bb7 15.Bf4 Nc5
16.Re1 Bd5 17.Ng5 h6 18.Ne4 Nxe4 19.Bxe4 Bxe4 20.Rxe4 Qb7 21.Qd3 Qd5 22.a3 Rc8
23.Rae1 Rg8 24.g3 Rc5 25.Bd2 Rc6 26.Qf3 Qd7 27.Rg4 e5 28.Rxe5+ Bxe5 29.Rxg8+ Ke7
30.Bb4+ Ke6 31.g4 Rc1+ 32.Kg2 Qc6 33.Qxc6+ Rxc6 34.h4 Kd5 35.b3 Ke4 36.Re8 f6
37.Bd2 Kd3 38.Bxh6 Kc2 39.g5 Bf4 40.Re4 fxg5 41.hxg5 d3 42.Rxf4 Rd6 43.Rf6 Rd4
44.g6 Rd6 45.Rf4 Rc6 46.Rd4 d2  1-0

[Event "Asian Teams"]
[Site "Jodhpur IND"]
[Date "2003.04.08"]
[Round "2"]
[White "Kotsur,P"]
[Black "Sriram,J"]
[Result "1-0"]
[WhiteElo "2572"]
[BlackElo "2451"]

1.d4 d5 2.c4 c6 3.Nc3 Nf6 4.e3 e6 5.Nf3 Nbd7 6.Qc2 Bd6 7.g4 Bb4 8.Bd2 Qe7
9.Bd3 Nxg4 10.Rg1 f5 11.cxd5 cxd5 12.a3 Bxc3 13.Bxc3 a5 14.Bxa5 Rxa5 15.Qxc8+ Qd8
16.Qxd8+ Kxd8 17.h3 Ngf6 18.Rxg7 Rg8 19.Rxg8+ Nxg8 20.Ke2 Ngf6 21.Rg1 Ke7
22.Ne5 Ne8 23.Nxd7 Kxd7 24.Rg8 Ke7 25.Rh8 Nf6 26.Rb8 Ra7 27.Bb5 Ne4 28.Rh8 Ng5
29.Rc8 Kf6 30.Rc7 h6 31.h4 Ne4 32.Rd7 Ra5 33.Bd3 b5 34.f3 Ng3+ 35.Kf2 f4
36.e4 e5 37.dxe5+ Kxe5 38.Rxd5+ Ke6 39.Bf1 Ra8  1-0

[Event "ch-Kaissa Club"]
[Site "Kharkov UKR"]
[Date "2003.04.08"]
[Round "1"]
[White "Sukharev,S"]
[Black "Makarov,V MDA"]
[Result "0-1"]
[WhiteElo "2213"]
[BlackElo "2312"]

1.Nf3 d5 2.d4 Nf6 3.c4 c6 4.e3 e6 5.Nc3 Nbd7 6.Bd3 dxc4 7.Bxc4 b5 8.Bd3 a6
9.e4 c5 10.d5 e5 11.O-O c4 12.Bc2 Bd6 13.b3 cxb3 14.axb3 Nb6 15.Qe2 O-O 16.Ne1 Bd7
17.Nd1 a5 18.Nd3 Qc7 19.Bg5 Nxe4 20.Qxe4 Qxc2 21.Ne3 f5 22.Nxc2 fxe4 23.Nb2 Rfc8
24.Rac1 h6 25.Be3 Nxd5 26.Rfd1 Be6  0-1

[Event "Asian Teams"]
[Site "Jodhpur IND"]
[Date "2003.04.10"]
[Round "4"]
[White "Kostenko,P"]
[Black "Sandipan,C"]
[Result "0-1"]
[WhiteElo "2481"]
[BlackElo "2478"]

1.c4 e6 2.Nc3 d5 3.d4 c6 4.e3 Nf6 5.Nf3 Nbd7 6.Qc2 Bd6 7.g4 Nxg4 8.Rg1 Qf6
9.Rxg4 Qxf3 10.Rxg7 Nf8 11.Rg1 Ng6 12.e4 Bxh2 13.Rg5 Nh4 14.exd5 h6 15.Rg7 exd5
16.Rh7 O-O 17.Rxh6 Re8+ 18.Ne2 Bf5 19.Qb3 Ng2+ 20.Kd2 Qxf2 21.Kc3 Qe1+  0-1

[Event "Classics GM"]
[Site "Gausdal NOR"]
[Date "2003.04.11"]
[Round "11"]
[White "Kallio,H"]
[Black "Sarbok,T"]
[Result "1-0"]
[WhiteElo "2470"]
[BlackElo "2325"]

1.Nf3 Nf6 2.c4 c6 3.Nc3 d5 4.e3 e6 5.d4 Be7 6.b3 O-O 7.Bd3 b6 8.O-O Nbd7
9.Bb2 Bb7 10.cxd5 cxd5 11.Qb1 h6 12.a3 a6 13.Rc1 Bd6 14.Na2 Ne4 15.Nb4 Bxb4
16.axb4 b5 17.Rc2 Rc8 18.Qe1 Rxc2 19.Bxc2 Qe7 20.Ne5 Rc8 21.Bd1 Nxe5 22.dxe5 d4
23.Bxd4 Ng5 24.f3 Nh7 25.Ra2 Nf8 26.Rc2 Rxc2 27.Bxc2 Qc7 28.Qd2 Bd5 29.h4 h5
30.Qc3 Qd8 31.e4 Bb7 32.g3 Ng6 33.Qc5 Qd7 34.Qd6 Bc6 35.Bc5 Qb7 36.Qd8+ Kh7
37.Qg5 Qd7 38.Qxh5+ Kg8 39.Qg5 Nf8 40.h5 Nh7 41.Qe3 Qc8 42.Kg2 Be8 43.h6 Qc7
44.hxg7 Kxg7 45.f4 Bc6 46.Qd4 Qb7 47.Kf3 Kg6 48.Ke3 Kg7 49.Qd8  1-0

[Event "9th Werther Schloss Open"]
[Site "Werther GER"]
[Date "2003.04.12"]
[Round "3"]
[White "Lingnau,C"]
[Black "Koksch,R"]
[Result "1-0"]
[WhiteElo "2430"]
[BlackElo "2072"]

1.d4 d5 2.c4 c6 3.Nc3 Nf6 4.e3 e6 5.Nf3 Nbd7 6.Qc2 Be7 7.Bd3 O-O 8.O-O Re8
9.b3 Bd6 10.Bb2 e5 11.cxd5 cxd5 12.e4 exd4 13.Nxd4 Ne5 14.Nxd5 Nxd3 15.Qxd3 Nxe4
16.Nf3 Bg4 17.Rad1 Ng5 18.Nxg5 Qxg5 19.f4 Bxf4 20.Nxf4 Bxd1 21.Qxd1 Rad8
22.Qf3 Qc5+ 23.Kh1 Qe3 24.Qg4 g6 25.Nh5 Qe2 26.Nf6+ Kf8 27.Ba3+ Kg7 28.Nxe8+ Rxe8
29.Qf4 f5 30.h3 Re4 31.Qc7+ Kg8 32.Rc1 Qd2 33.Qc8+ Kf7 34.Rc7+ Kf6 35.Be7+ Ke5
36.Rc5+ Kf4 37.Qc7+ Ke3 38.Rc3+  1-0

[Event "ch-POLJ u20"]
[Site "Jarnoltowek POL"]
[Date "2003.04.14"]
[Round "10"]
[White "Paterek,M"]
[Black "Zawadzki,S"]
[Result "1-0"]
[WhiteElo "2277"]
[BlackElo "2403"]

1.d4 d5 2.c4 c6 3.Nc3 Nf6 4.e3 e6 5.Nf3 Nbd7 6.Qc2 Bd6 7.b3 O-O 8.Be2 Qe7
9.O-O dxc4 10.bxc4 e5 11.Rd1 Re8 12.a4 e4 13.Nd2 Nf8 14.Qa2 Bc7 15.Ba3 Qe6
16.Nf1 Qf5 17.f3 exf3 18.Bxf3 Ne6 19.h4 Nf8 20.Qb1 Ng6 21.e4 Qf4 22.e5 Nxh4
23.exf6 Nxf3+ 24.gxf3 Qxf3 25.Qc2 Qxf6 26.Qg2 Bf5 27.Ng3 Bxg3 28.Qxg3 Rad8
29.d5 Bc2 30.Rd2 Re5 31.Rg2 Bg6 32.Bc5 Rf5 33.Rd1 cxd5 34.Nxd5 Rfxd5 35.cxd5 h6
36.d6 Qe6 37.Bxa7  1-0

[Event "Asian Teams w"]
[Site "Jodhpur IND"]
[Date "2003.04.14"]
[Round "8"]
[White "Huang Qian"]
[Black "Khanam,A"]
[Result "1-0"]
[WhiteElo "2310"]
[BlackElo "2060"]

1.d4 d5 2.Nf3 Nf6 3.c4 e6 4.Nc3 c6 5.e3 Nbd7 6.Bd3 dxc4 7.Bxc4 b5 8.Bd3 Bb7
9.O-O a6 10.a3 c5 11.Bc2 Be7 12.Qe2 cxd4 13.Nxd4 O-O 14.e4 Re8 15.Be3 Rc8
16.Rfd1 Qc7 17.Rac1 Qb8 18.Bb1 b4 19.axb4 Bxb4 20.f3 Nf8 21.Bf2 Red8 22.Bd3 Bc5
23.Nc2 Bxf2+ 24.Qxf2 Ng6 25.Ne3 Ne5 26.Be2 Rxd1+ 27.Rxd1 Rd8 28.Qf1 Rxd1
29.Qxd1 h6 30.Kf2 Bc6 31.Qd2 Qb6 32.Qd6 Ng6 33.g3 Ne8 34.Qa3 a5 35.Na4 Qd4
36.Nc5 a4 37.Nd3 Nd6 38.Qc5 Qxc5 39.Nxc5 Nb7 40.Nxb7 Bxb7 41.Bb5 Ne5 42.Nd1 f5
43.Nc3 fxe4 44.fxe4 Ng4+ 45.Kg2 Nf6 46.Kf3 g5 47.Bxa4 Kf8 48.Bd1 Ke7 49.Ke3 Kd6
50.Kd4 e5+ 51.Ke3 Kc5 52.Bf3 g4 53.Bd1 Bc6 54.Bb3 Kb4 55.Be6 Bb7 56.Bd5 Bc8
57.Kd3 Ba6+ 58.Kd2 Kc5 59.Ke3 Bc8 60.Ba2 Bb7 61.Nd5 Ne8 62.Ne7 Nf6 63.Bd5 Ba6
64.Ba8 Bc4 65.Bb7 Bb3 66.Bd5 Ba4 67.b4+ Kxb4 68.Ng6 Nxd5+ 69.exd5 Kc5 70.Nxe5 h5
71.Nd3+ Kxd5 72.Nf4+ Ke5 73.Nxh5 Bc6 74.Nf4 Bb5 75.Ng2 Bf1 76.Ne1 Ba6 77.Nc2 Bb5
78.Nb4 Bc4 79.Nc6+ Kd5 80.Na5 Bb5 81.Kf4 Be2 82.Nb3 Kc4 83.Nd2+ Kd3 84.Ne4 Kd4  1-0

[Event "XXXIV Open"]
[Site "Mar del Plata ARG"]
[Date "2003.04.14"]
[Round "4"]
[White "Rubinetti,J"]
[Black "Kanefsck,G"]
[Result "1/2-1/2"]
[WhiteElo "2434"]
[BlackElo "2388"]

1.d4 d5 2.c4 c6 3.Nf3 Nf6 4.e3 e6 5.Nc3 Nbd7 6.Qc2 Bd6 7.g4 h6 8.Rg1 Bb4
9.Bd2 b6 10.O-O-O Bb7 11.Kb1 Qe7 12.h4 Bxc3 13.Bxc3 Ne4 14.Bd3 Nxc3+ 15.Qxc3 Qf6
16.Rg3 dxc4 17.g5 hxg5 18.hxg5 Qe7 19.Bxc4 O-O-O 20.Rc1 Kb8 21.a3 g6 22.Bd3 Rc8
23.Be4 Rhe8 24.Rgg1 e5 25.Nxe5 Nxe5 26.dxe5 Qxe5 27.f3 c5 28.Bxb7 Kxb7 29.e4 Qe7
30.Rcd1 Rcd8 31.Qc4 Rd7 32.Rd5 Red8 33.Rgd1 Rxd5 34.Rxd5 Qe6 35.f4 Rxd5 36.exd5 Qf5+
37.Ka1 Kc7 38.Qa6 Kb8 39.Qc4 Kc7 40.Qa6 Kb8  1/2-1/2

[Event "IM"]
[Site "Deizisau GER"]
[Date "2003.04.15"]
[Round "6"]
[White "Braun,A"]
[Black "Auch,S"]
[Result "1-0"]
[WhiteElo "2324"]
[BlackElo "2043"]

1.d4 d5 2.c4 c6 3.Nf3 Nf6 4.Nc3 e6 5.e3 Nbd7 6.Qc2 Bd6 7.Bd3 dxc4 8.Bxc4 a6
9.O-O b5 10.Bd3 O-O 11.Ne4 Qc7 12.Nxd6 Qxd6 13.Bd2 c5 14.Ng5 h6 15.Ne4 Nxe4
16.Bxe4 Rb8 17.dxc5 Qxc5 18.Rac1 Qxc2 19.Rxc2 Bb7 20.Bxb7 Rxb7 21.b3 Nf6
22.Ba5 Rd7 23.Rfc1 Ra8 24.Kf1 Kh7 25.Ke2 Kg6 26.f3 h5 27.e4 h4 28.Ke3 h3
29.gxh3 Kh7 30.Rc6 Ng8 31.Rc7 Rad8 32.R1c6 Rd3+ 33.Ke2 Kg6 34.Rc8  1-0

[Event "ch-DEN"]
[Site "Horsens DEN"]
[Date "2003.04.16"]
[Round "5"]
[White "Pedersen,NV"]
[Black "Nielsen,PH"]
[Result "1/2-1/2"]
[WhiteElo "2508"]
[BlackElo "2625"]

1.d4 d5 2.c4 c6 3.Nc3 Nf6 4.e3 e6 5.Nf3 Nbd7 6.Qc2 Bd6 7.g4 h6 8.h3 e5 9.cxd5 cxd5
10.dxe5 Nxe5 11.Nxe5 Bxe5 12.Bd2 O-O 13.Bg2 Ne4 14.Nxd5 Qxd5 15.Qxe4 Qxe4
16.Bxe4 Bxb2 17.Rb1 Bf6 18.Ke2 Rb8 19.Rhc1 Re8 20.f3 Be6 21.a4 b6 22.Rc7 Re7
23.Rbc1 Bb3 24.Rxe7 Bxe7 25.Rc7 Bc5 26.a5 Bc4+ 27.Ke1 Rd8 28.Rxa7 Rc8 29.Bf5 Rb8
30.Rc7 Bb5 31.Be4 Bd6 32.Ra7 Bg3+ 33.Kd1 Ba4+ 34.Ke2 Bb5+ 35.Kd1 Ba4+ 36.Bc2 Bxc2+
37.Kxc2 bxa5 38.Rxa5 Bh4 39.Bc3 Bf6 40.Bxf6 gxf6 41.Kd3 Rb4 42.h4 Kg7 43.f4 Rb7
44.Ke4 Re7+ 45.Kf3 Rb7 46.g5 fxg5 47.hxg5 hxg5 48.Rxg5+ Kf6 49.e4 Rb1 50.e5+ Ke6
51.Rh5 Rf1+ 52.Ke3 Re1+ 53.Kf2 Ra1 54.Rh6+ Ke7 55.Kf3 Re1 56.Kg4 Kf8 57.Kf5 Kg7
58.Rc6 Re2 59.Rc7 Re1 60.Re7 Ra1 61.Rb7 Re1 62.Rb6 Re2 63.Rb1 Ra2 64.Rg1+ Kf8
65.Kg5 Ra5 66.Rc1 Kg7 67.Rc7 Rb5 68.Kg4 Kf8 69.Rc1 Kg7 70.Re1 Rb4 71.Kf3 Kg6
72.Rg1+ Kf5 73.Rg5+ Ke6 74.Rh5 Rb5 75.Kg4 Rb4 76.Rh8 Ke7 77.Ra8 Rc4 78.Kg5 Rc1
79.Ra7+ Kf8 80.f5 Rh1 81.Ra8+ Ke7 82.f6+ Kd7 83.Rf8 Rg1+ 84.Kf4 Rf1+ 85.Ke4 Re1+
86.Kf5 Rf1+ 87.Kg5 Rg1+ 88.Kf4 Rf1+ 89.Kg4 Rg1+ 90.Kf3 Ke6 91.Re8+ Kf5 92.Re7 Re1
93.Rxf7 Rxe5 94.Rf8 Kg6 95.Kg4 Rg5+ 96.Kh4 Rh5+ 97.Kg4 Rg5+ 98.Kf4 Rf5+ 99.Ke4 Rxf6
100.Rxf6+ Kxf6  1/2-1/2

[Event "City-ch"]
[Site "St Petersburg RUS"]
[Date "2003.04.16"]
[Round "1"]
[White "Lugovoi,A"]
[Black "Yevseev,D"]
[Result "1/2-1/2"]
[WhiteElo "2563"]
[BlackElo "2580"]

1.d4 d5 2.c4 c6 3.Nf3 Nf6 4.Nc3 e6 5.e3 Nbd7 6.Bd3 dxc4 7.Bxc4 b5 8.Bd3 Bb7
9.a3 b4 10.Ne4 Nxe4 11.Bxe4 bxa3 12.O-O Bd6 13.b3 Qe7 14.Qc2 O-O 15.Bxh7+ Kh8
16.Bd3 c5 17.Qe2 cxd4 18.Ne5 Qh4 19.exd4 Kg8 20.f4 Nxe5 21.dxe5 Bc5+ 22.Be3 Be7
23.f5 Be4 24.f6 Bxd3 25.Qxd3 Rfd8 26.Qe2 Bf8 27.fxg7 Bxg7 28.Rxa3 Bxe5 29.g3 Qe4
30.Qf2  1/2-1/2

[Event "34th Norwegian Open"]
[Site "Oslo NOR"]
[Date "2003.04.17"]
[Round "6"]
[White "Nedberg,B"]
[Black "Ofstad,P"]
[Result "0-1"]
[WhiteElo "2130"]
[BlackElo "2218"]

1.d4 d5 2.c4 c6 3.Nc3 Nf6 4.Nf3 e6 5.e3 Nbd7 6.Bd3 dxc4 7.Bxc4 b5 8.Bd3 b4
9.Ne4 Be7 10.O-O Bb7 11.b3 O-O 12.Bb2 c5 13.Ng3 cxd4 14.exd4 Nd5 15.Qd2 N7f6
16.Ne5 Rc8 17.Rac1 Qd6 18.h3 Rfd8 19.Rxc8 Rxc8 20.Rc1 Qd8 21.Ne4 Rxc1+ 22.Qxc1 Qc7
23.Nc5 Ba8 24.Bf1 Bd6 25.g3 Bxe5 26.dxe5 Nc3 27.Bxc3 Qc6 28.f3 Qxc5+ 29.Kh2 Qf2+
30.Bg2 Bxf3 31.Qd2 Qxg2+ 32.Qxg2 Bxg2 33.Bd4 Nd5 34.Kxg2 a6 35.Kf2 f5 36.exf6 gxf6
37.Ke1 e5 38.Bc5 Kf7 39.Kd2 Ke6 40.Bf2  0-1

[Event "41st Doeberl Cup"]
[Site "Canberra AUS"]
[Date "2003.04.19"]
[Round "4"]
[White "Wallace,JP"]
[Black "Caoili,A"]
[Result "1-0"]
[WhiteElo "2405"]
[BlackElo "2293"]

1.d4 d5 2.c4 c6 3.Nc3 Nf6 4.e3 e6 5.Nf3 Nbd7 6.Qc2 Bd6 7.g4 dxc4 8.Bxc4 b6
9.Bd2 Bb7 10.g5 Nd5 11.Ne4 Be7 12.O-O-O Qc7 13.Ng3 O-O-O 14.Kb1 Nf8 15.e4 Nf4
16.h4 f6 17.gxf6 gxf6 18.Qc1 e5 19.dxe5 Nd3 20.Bxd3 Rxd3 21.exf6 Rxf3 22.fxe7 Qxe7
23.Rhe1 c5 24.Nf5 Bxe4+ 25.Ka1 Rxf5 26.Qc4 Bd5 27.Qc3 Qd7 28.Qxh8 Bf3 29.Rb1 Bd5
30.Qc3 Rf3 31.Be3 Ne6 32.Rbd1 Qc6 33.Qe5 Nc7 34.Bf4 Rxf4 35.Qxf4 Ne6 36.Qe5 Nc7
37.Qh8+ Kb7 38.Qxh7 c4 39.Re7 c3 40.Rxc7+ Qxc7 41.Qxc7+ Kxc7 42.bxc3  1-0

[Event "ch-DEN"]
[Site "Horsens DEN"]
[Date "2003.04.20"]
[Round "9"]
[White "Hoi,C"]
[Black "Rasmussen,K"]
[Result "1/2-1/2"]
[WhiteElo "2406"]
[BlackElo "2423"]

1.d4 d5 2.c4 c6 3.Nf3 Nf6 4.Nc3 e6 5.e3 Nbd7 6.Bd3 dxc4 7.Bxc4 b5 8.Bd3 Bb7
9.e4 b4 10.Na4 c5 11.e5 Nd5 12.O-O cxd4 13.Nxd4 Nxe5 14.Bb5+ Nd7 15.Qh5 Nf6
16.Qe2 a6 17.Bc4 Qa5 18.Nxe6 fxe6 19.Bxe6 Qe5 20.Re1 Qxe2 21.Rxe2 Kd8 22.Bxd7 Kxd7
23.Nb6+ Kc7 24.Nxa8+ Bxa8 25.Bf4+ Bd6 26.Re7+ Nd7 27.Bxd6+ Kxd6 28.Rxg7 Bc6
29.Rd1+ Ke6 30.h4 a5 31.f3 Nf6 32.Kf2 Bd5 33.Ra7 Ra8 34.Rxa8 Bxa8 35.g4 Bd5
36.b3 Nd7 37.Re1+ Kd6 38.f4 a4 39.f5 Nc5 40.Re8 axb3 41.axb3 Nxb3 42.Ke3 Nc5
43.Rd8+ Ke5 44.Re8+ Kd6 45.Rd8+ Ke5 46.Re8+ Kd6 47.Rd8+ Ke5  1/2-1/2

[Event "Commonwealth Ch"]
[Site "Mumbai IND"]
[Date "2003.04.20"]
[Round "1"]
[White "Soumitra,M"]
[Black "Abdulla,AlR"]
[Result "1-0"]
[WhiteElo "2142"]
[BlackElo "2410"]

1.d4 d5 2.c4 c6 3.Nf3 Nf6 4.Nc3 e6 5.e3 Nbd7 6.Qc2 Bd6 7.Bd3 O-O 8.O-O e5
9.cxd5 cxd5 10.e4 exd4 11.Nxd5 Nxd5 12.exd5 h6 13.h3 Nb6 14.Nxd4 Nxd5 15.Bh7+ Kh8
16.Be4 Nb4 17.Qd1 Qf6 18.Be3 Rd8 19.Qh5 Re8 20.Bb1 Be5 21.a3 Bxd4 22.Bxd4 Qxd4
23.Qxf7 Be6 24.Qg6 Bg8 25.axb4 Re6 26.Qg4 Qxb2 27.Bf5 Rf6 28.Rab1 Qe5 29.Bd3 Rd8
30.Qe4 Qd6 31.Rfd1 Rf4 32.Qg6 Qd4 33.Qg3 Rdf8 34.Bf5 Qe5 35.Bg4 Bd5 36.Qe3 Re4
37.Qc5 Rd8 38.Bf3 b6 39.Qc2 Re8 40.Qa4 Rf8 41.Qd7 Rxf3 42.Qd8+ Bg8 43.gxf3 Re2
44.Qh4 Qf5 45.Qg4 Qf6 46.Re1 Be6 47.Qg3 Ra2 48.Rbd1 Qf5 49.Qg4 Qc2 50.Rd8+ Kh7
51.Qe4+ Bf5 52.Qxc2 Rxc2 53.Re7 a5 54.bxa5 bxa5 55.Ra8 Bxh3 56.Raa7 h5 57.Rxg7+ Kh6
58.Rh7+ Kg6 59.Rhg7+ Kh6 60.Rg3  1-0

[Event "City-ch"]
[Site "St Petersburg RUS"]
[Date "2003.04.20"]
[Round "5"]
[White "Praslov,A"]
[Black "Yevseev,D"]
[Result "0-1"]
[WhiteElo "2417"]
[BlackElo "2580"]

1.d4 d5 2.c4 e6 3.Nc3 c6 4.e3 Nf6 5.Nf3 Nbd7 6.Qc2 Bd6 7.e4 Nxe4 8.Nxe4 dxe4
9.Qxe4 e5 10.dxe5 O-O 11.Bf4 Bb4+ 12.Bd2 Bxd2+ 13.Nxd2 Nxe5 14.O-O-O Qf6
15.f4 Ng6 16.g3 Bg4 17.Re1 Rad8 18.Qe3 Rd7 19.Bg2 Qd8 20.Qc3 Ne7 21.Be4 Bf5
22.Qc2 Qa5 23.Bxf5 Qxf5 24.Re5 Qxc2+ 25.Kxc2 f6 26.Re2 Nf5 27.Nf3 h5 28.Rd1 Rxd1
29.Kxd1 Rd8+ 30.Kc2 Kf7 31.b3 h4 32.g4 Nd4+ 33.Nxd4 Rxd4 34.Rf2 f5 35.g5 h3
36.Kc3 Re4 37.Rf3 Kg6 38.Kd3 b5 39.a4 bxc4+ 40.bxc4 c5 41.a5 Kh5 42.Rxh3+ Kg4
43.Rh7 Re7 44.h4 Kxf4 45.g6 Kg3 46.h5 f4 47.Rh8 f3 48.Rf8 f2 49.Rf5 Re5  0-1